| 000 | 00486nam a2200181Ia 4500 | ||
|---|---|---|---|
| 005 | 20250326142254.0 | ||
| 008 | 250326s9999 xx 000 0 und d | ||
| 037 | _aTextbook | ||
| 040 |
_aFMSL _beng _cFMSL |
||
| 041 |
_aeng _2eng |
||
| 084 |
_aX:9 P2 _qFMSL |
||
| 100 |
_aMello J A _9745852 |
||
| 245 | 0 |
_aStrategic human resource management _cMello J A |
|
| 260 |
_aUSA _bUSA, South-Western _c2002 |
||
| 300 | _a475p | ||
| 942 |
_cTB _hX:9 P2 |
||
| 999 |
_c1294234 _d1294234 |
||